Central Library OPAC University of Rajshahi

In retrospection / (Record no. 36193)

MARC details
000 -LEADER
fixed length control field 00741cam a2200253 i 4500
001 - CONTROL NUMBER
control field 36193
003 - CONTROL NUMBER IDENTIFIER
rucl marc code BD-RjUL
005 - DATE AND TIME OF LATEST TRANSACTION
control field 20211209052440.0
008 - FIXED-LENGTH DATA ELEMENTS--GENERAL INFORMATION
fixed length control field 140617s1974 pk 001 0aeng
035 ## - SYSTEM CONTROL NUMBER
System control number (BD-RjUL)36290
040 ## - CATALOGING SOURCE
Original cataloging agency DLC
Transcribing agency DLC
Modifying agency BD-RjUL
Language of cataloging eng
041 ## - LANGUAGE CODE
Language code of text/sound track or separate title eng
082 00 - DEWEY DECIMAL CLASSIFICATION NUMBER
Classification number 954.0350924
Author mark and year HAI 1974
100 1# - MAIN ENTRY--PERSONAL NAME
Personal name Hashim, Abul,
Dates associated with a name 1905-1974.
9 (RLIN) 110137
245 10 - TITLE STATEMENT
Title In retrospection /
Statement of responsibility, etc. Abul Hashim.
260 ## - PUBLICATION, DISTRIBUTION, ETC. (IMPRINT)
Place of publication, distribution, etc. Dacca :
Name of publisher, distributor, etc. Subarna Publishers : distributor, Mowla Bros.,
Date of publication, distribution, etc. 1974.
300 ## - PHYSICAL DESCRIPTION
Pagination 194 p. ;
Size 22 cm.
504 ## - BIBLIOGRAPHY, ETC. NOTE
Bibliography, etc Includes index.
600 00 - SUBJECT ADDED ENTRY--PERSONAL NAME
Personal name Abul Hashim,
Dates associated with a name 1905-1974.
651 #0 - SUBJECT ADDED ENTRY--GEOGRAPHIC NAME
Geographic name Bengal (India)
General subdivision Politics and government.
9 (RLIN) 110138
942 ## - ADDED ENTRY ELEMENTS (KOHA)
Source of classification or shelving scheme Dewey Decimal Classification
Koha item type Books
Holdings
Lost status Source of classification or shelving scheme Damaged status Not for loan Collection code Permanent Location Current Location Shelving location Date acquired Source of acquisition Cost, normal purchase price Total Checkouts Full call number Date last seen Copy number Koha item type
  Dewey Decimal Classification     Non-fiction Central Library, University of Rajshahi Central Library, University of Rajshahi   10/03/1976 Mowla Bro. 25.00   954.0350924 HAI 1974 17/06/2014 C-2 Books
  Dewey Decimal Classification     Non-fiction Central Library, University of Rajshahi Central Library, University of Rajshahi   10/03/1976 Mowla Bro. 25.00   954.0350924 HAI 1974 17/06/2014 C-4 Books